000 00537nam a2200205Ia 4500
003 OSt
005 20251218153803.0
008 220923b |||||||| |||| 00| 0 ben d
037 _cTB
040 _aARTS
_cARTS
_bben
041 _2ben
_aben
084 _aO157,1M61w J3
_qAL
100 _aBishi
_9187591
245 0 _aRabindranath saritinikatan
260 _aKolkata,India:
_c1953.
300 _a201p.
_ccm.
650 _aBENGALI LITERATURE
_9857885
942 _hO157,1M61w
_cTB
_2CC
_n0
999 _c409396
_d409396